[Event "IECG QF.2002.0.00016"]
[Site "IECG email"]
[Date "2002.04.07"]
[Round "?"]
[White "Mallard, Ben"]
[Black "Radcliffe, Lee"]
[Result "1-0"]
[WhiteElo "1189"]
[BlackElo "1000"]
[PlyCount "59"]
[EventDate "2002.04.07"]
[EventType "tourn (corr)"]
[EventRounds "6"]
[SourceTitle "Corr 2008"]
[Source "ChessBase"]
[SourceDate "2008.06.24"]
[SourceVersion "1"]
[SourceVersionDate "2008.06.24"]
[SourceQuality "1"]

1. e4 e5 2. Nf3 Nc6 3. Bb5 d6 4. d4 Nge7 5. Ba4 d5 6. Nxe5 Bd7 7. Nxd7 Qxd7 8. e5 Qe6 9. Nd2 0-0-0 10. Nf3 Nf5 11. Ng5 Qe7 12. Bxc6 bxc6 13. Qd3 g6 14. 0-0 Bh6 15. Nf3 Bxc1 16. Rfxc1 h6 17. c4 Qb4 18. cxd5 Rxd5 19. Qa6+ Qb7 20. Qa4 Kd7 21. e6+ fxe6 22. Ne5+ Kc8 23. Nxc6 Nxd4 24. Nxd4 Rg5 25. g3 Rg4 26. Rc4 Rd8 27. Nxe6 Rxc4 28. Qxc4 Rd6 29. Rc1 Rc6 30. Qxc6 1-0